00395nam a2200157Ia 45000010006000000050017000060080041000230410008000640820017000721000044000892450051001332600009001843000028001936500008002216540008002291892120260306171706.0260306s9999||||xx |||||||||||||| ||und|| aESP a658.562bG63 aGómez Martínez, José AntonioeAUT 0aGuía para la aplicación de ISO 9001:b2015 c2017 a315 páginas :c24 cm. aGEN aCAN